000 00718nam a2200217Ia 4500
005 20230213102349.0
008 210716s2011 xx 000 0 und d
020 _a9780071333443
040 _cAIMIT LIRARY
041 _aeng
082 _a658.1599
_26
_bAPTP
100 _aApte, P G.
_972078
245 _aInternational financial management /
_cBy P G Apte.
250 _a6th ed.
260 _aNew Delhi :
_bTata McGraw Hill Publishing Company Ltd ,
_c2011.
300 _axvii,708p. ;
_bPB
_c23.5 cm.
650 _aFinancial management in a global context
_972079
650 _aThe nature and measurement of exposure and risk
_972080
650 _aCurrency options
_972081
942 _2ddc
_cBK
_e6th
_k658.1599 APTP
999 _c207191
_d207191